Φορτώνει......

ഇവിടെ എല്ലാവര്‍ക്കും സുഖം തന്നെ /

ഈ കാലങ്ങളിൽ ഈ ലോകത്തിൽ ആർക്കാണ് സുഖമുള്ളത്?ഉണ്ടെന്നു പറയുന്നവരുണ്ടാവാം. പക്ഷെ അവർക്കുണ്ടോ സുഖം? ഇല്ലെന്നു പറയുന്നവരുണ്ട്. അവർ പറയുന്നത് സത്യവുമാണ്. അപ്പോൾ, ബാക്കി എത്രപേർ? എന്തുകൊണ്ടു നമുക്ക് സുഖമില്ലാതായി? അഥവാ സുഖദുഃഖ മിശ്രിതമായ ജീവിതത്തിൽ ഉണ്ടായിരിക്കേണ്ട സുഖ വിഹിതം പോലും നമുക്കെങ്ങനെ കൈമോശം വരുന...

Πλήρης περιγραφή

Λεπτομέρειες βιβλιογραφικής εγγραφής
Κύριος συγγραφέας: രാധാകൃഷ്ണൻ, സി
Άλλοι συγγραφείς: Radhakrishnan, C.
Μορφή: Printed Book
Έκδοση: Kochi Hi-Tech Books 2015
Έκδοση:7th.ed.
Θέματα:
LEADER 01936nam a2200193 4500
999 |c 52448  |d 52448 
020 |a 9789381399262 
082 |a 894.8123  |b RAD-I 
100 |a രാധാകൃഷ്ണൻ, സി.  
245 |a ഇവിടെ എല്ലാവര്‍ക്കും സുഖം തന്നെ / 
250 |a 7th.ed. 
260 |a Kochi  |b Hi-Tech Books  |c 2015 
300 |a 488p. 
520 |a ഈ കാലങ്ങളിൽ ഈ ലോകത്തിൽ ആർക്കാണ് സുഖമുള്ളത്?ഉണ്ടെന്നു പറയുന്നവരുണ്ടാവാം. പക്ഷെ അവർക്കുണ്ടോ സുഖം? ഇല്ലെന്നു പറയുന്നവരുണ്ട്. അവർ പറയുന്നത് സത്യവുമാണ്. അപ്പോൾ, ബാക്കി എത്രപേർ? എന്തുകൊണ്ടു നമുക്ക് സുഖമില്ലാതായി? അഥവാ സുഖദുഃഖ മിശ്രിതമായ ജീവിതത്തിൽ ഉണ്ടായിരിക്കേണ്ട സുഖ വിഹിതം പോലും നമുക്കെങ്ങനെ കൈമോശം വരുന്നു? പ്രകൃതി - പുരുഷബന്ധത്തിന്റെഊടും പാവും ചികഞ്ഞ് ഉത്തരങ്ങൾ കണ്ടെടുക്കുന്നത് മലയാള സാഹിത്യത്തിൽ എന്നും നൂതനമായ വായനാനുഭവം നൽകുന്ന സി രാധാകൃഷ്ണൻ. 
650 |a Fiction- Malayalam literature 
650 |a Ivide Ellaavarkkum Sukham Thanne 
700 |a Radhakrishnan, C. 
942 |c BK 
952 |0 0  |1 0  |4 0  |6 894_812300000000000_RADI  |7 0  |9 66423  |a KU  |b KU  |c GEN  |d 2018-09-17  |e Ad.D2/5736/2013 dtd.24/11/2017  |g 370.00  |l 0  |o 894.8123 RAD-I  |p CL02915  |r 2018-09-17  |w 2018-09-17  |y BK